| 000 | 00614nam a22002057a 4500 | ||
|---|---|---|---|
| 003 | OSt | ||
| 005 | 20140310182824.0 | ||
| 008 | 130525t xxu||||| |||| 00| 0 eng d | ||
| 020 | _a9712717712 | ||
| 050 |
_aHD 9490 _b.V433 2006 |
||
| 082 |
_aFIL 354.4092 _bV433 2006 |
||
| 245 |
_aTrailblazing : _bthe quest for energy self-reliance _cVelasco, Geronimo Z. |
||
| 260 |
_aManila : _bPublished and exclusively distributed by Anvil, _cc2006. |
||
| 300 |
_axxiii, 209 p. : _bill. ; _c23 cm. |
||
| 521 | _acollege students | ||
| 526 | _c1210L-1700L | ||
| 541 | _j1 | ||
| 562 | _e1 | ||
| 942 |
_2lcc _cBK _kFIL |
||
| 999 |
_c16462 _d16462 |
||